01191nam a2200217 i 450000100060000000300090000600500170001500700030003200800410003510000420007624503520011826000700047030000430054053400540058365000500063765000290068770000980071685200210081499900170083595201210085299694ES-MaACL20250808224244.0t|050915s1946 sp f 00110 spa d1 aMartínez de Espinar, Alonso.97799010aArte de ballestería y montería : bescrita con methodo, para escusar la fatiga que ocasiona la ignorancia / cdedicale al Serenissmo. Señor Don Balthasar Carlos Fhilippe de Austria... Alonso Martinez de Espinar... ; [publicado por iniciativa de D. Alberto Comenge y Jerpe ; prólogo del Duque de Medinaceli y comentario del Conde de Yebes]. aMadrid : bEpesa [Ediciones y Publicaciones Españolas], c1946. aXXX, XXXV, 445 p., 6 lám. ; c25 cm. pReprod. de la ed. de: cMadrid : Imp. Real, 1644. 4aCaza mayor-vObras anteriores a 1800.9147670 4aCaza con perros.91603191 aMedinaceli, Luis Jesús Fernández de Córdoba y Salabert, cDuque de, d1880-19569172038 aES-MaACLjE-1919 c99694d99694 00104070aATENEOMbATENEOMcDEPO2d2008-01-17eSCl0oE-1919p1104100r2023-02-23 00:00:00w2023-02-23yMONOGRAFIA